书目信息 |
| 题名: |
草坪建植与养护管理
|
|
| 作者: | 陆庆轩 , 纪凯 主编 | |
| 分册: | ||
| 出版信息: | 沈阳 辽宁科学技术出版社 2000 |
|
| 页数: | 268页,[32]页图版 | |
| 开本: | 19cm | |
| 丛书名: | ||
| 单 册: | ||
| 中图分类: | S688.4 | |
| 科图分类: | ||
| 主题词: | 观赏园艺 , 草坪--种植 , 草坪--管理 | |
| 电子资源: | ||
| ISBN: | 7-5381-3169-8 | |
| 000 | 00669nam0 2200229 45 | |
| 001 | 0304011425 | |
| 005 | 20031219104108.4 | |
| 010 | @a7-5381-3169-8@dCNY20.00 | |
| 100 | @a20030401d2000 km y0chiy0120 ea | |
| 101 | 0 | @achi |
| 105 | @aaf z 000yy | |
| 200 | 1 | @a草坪建植与养护管理@ACao Ping Jian Zhi Yu Yang Hu Guan Li@f陆庆轩,纪凯主编@FLu Qing Xuan,Ji Kai Zhu Bian |
| 210 | @a沈阳@c辽宁科学技术出版社@d2000 | |
| 215 | @a268页,[32]页图版@c图@d19cm | |
| 606 | 0 | @a观赏园艺 |
| 606 | 0 | @a草坪@x种植 |
| 606 | 0 | @a草坪@x管理 |
| 690 | @aS688.4@v4 | |
| 701 | 0 | @a陆庆轩@4主编 |
| 701 | 0 | @a纪凯@4主编 |
| 801 | @aCN@bTSTC@c20030401 | |
| 905 | @b322043-047@dS688.4@e58@f5 | |
| 草坪建植与养护管理/陆庆轩,纪凯主编.-沈阳:辽宁科学技术出版社,2000 |
| 268页,[32]页图版:图;19cm |
| ISBN 7-5381-3169-8:CNY20.00 |
| ● |
| 相关链接 |
|
|
|
|
正题名:草坪建植与养护管理
索取号:S688.4/58
 
预约/预借
| 序号 | 登录号 | 条形码 | 馆藏地/架位号 | 状态 | 备注 |
| 1 | 0322043 | 203220433 | 第三借阅区/ [索取号:S688.4/58] | 在馆 | |
| 2 | 0322044 | 203220442 | 第三借阅区/ [索取号:S688.4/58] | 在馆 | |
| 3 | 0322045 | 203220451 | 第三借阅区/ [索取号:S688.4/58] | 在馆 | |
| 4 | 0322046 | 203220460 | 第三借阅区/ [索取号:S688.4/58] | 在馆 | |
| 5 | 0322047 | 203220479 | 第二样本阅览室/ [索取号:S688.4/58] | 在馆 |